Statistics for Continent 1 Minute Rush

Click here to take the quiz!

General Stats

  • This quiz has been taken 107 times
  • The average score is 72 of 96

Answer Stats

QuestionTileSelect% Correct
AsiaHaitiNo
100%
AsiaLiechtensteinNo
100%
AsiaAustriaNo
99%
AsiaCape VerdeNo
99%
AsiaKosovoNo
99%
AsiaBoliviaNo
97%
AsiaKazakhstanYes
96%
AsiaNauruNo
96%
EuropeSurinameNo
96%
AsiaTogoNo
96%
EuropeBruneiNo
94%
AsiaChinaYes
94%
EuropePapua New GuineaNo
94%
EuropeEl SalvadorNo
93%
EuropeMorrocoNo
93%
AfricaPeruNo
93%
EuropeDemocratic Republic Of The CongoNo
91%
EuropeLebanonNo
91%
AfricaMaltaNo
91%
EuropeMongoliaNo
91%
AsiaMongoliaYes
91%
AfricaUSANo
91%
AfricaF.S. MicronesiaNo
90%
AsiaSouth KoreaYes
90%
AfricaTaiwanNo
90%
AfricaTurkmenistanNo
90%
EuropeUKYes
90%
EuropeHungaryYes
88%
AsiaIranYes
88%
AfricaLaosNo
88%
EuropeLuxembourgYes
88%
AfricaSt. Vincent and The GrenadinesNo
88%
North AmericaCentral African RepublicNo
87%
North AmericaDenmarkNo
87%
North AmericaLesothoNo
87%
North AmericaNepalNo
87%
North AmericaPortugalNo
87%
North AmericaAzerbaijanNo
86%
EuropeIcelandYes
86%
EuropeLatviaYes
86%
AfricaNamibiaYes
86%
North AmericaPalauNo
86%
EuropeAndorraYes
84%
EuropeBosnia And HerzgovinaYes
81%
North AmericaEcuadorNo
81%
AfricaEritreaYes
81%
AfricaSenegalYes
81%
AfricaTanzaniaYes
81%
AfricaTogoYes
81%
AsiaCambodiaYes
80%
AsiaKuwaitYes
80%
AfricaBurkina FasoYes
78%
South AmericaIrelandNo
77%
South AmericaSamoaNo
77%
South AmericaSwitzerlandNo
77%
South AmericaTunisiaNo
77%
AsiaEast TimorYes
75%
South AmericaEquatorial GuineaNo
75%
South AmericaKuwaitNo
75%
South AmericaMalaysiaNo
75%
EuropeMoldovaYes
74%
AfricaBurundiYes
72%
OceaniaBelgiumNo
70%
OceaniaColombiaNo
70%
OceaniaEast TimorNo
70%
OceaniaEgyptNo
70%
OceaniaIcelandNo
70%
OceaniaParaguayNo
70%
OceaniaRwandaNo
70%
AfricaSeychellesYes
70%
OceaniaKyrgyzstanNo
68%
South AmericaPanamaNo
68%
North AmericaCanadaYes
67%
North AmericaSt. Vincent and The GrenadinesYes
62%
North AmericaCosta RicaYes
61%
North AmericaHaitiYes
61%
North AmericaBelizeYes
59%
North AmericaGuatemalaYes
59%
North AmericaNicaraguaYes
58%
North AmericaGrenadaYes
55%
South AmericaColumbiaYes
54%
South AmericaBoliviaYes
52%
South AmericaBrazilYes
52%
South AmericaUruguayYes
51%
South AmericaChileYes
49%
South AmericaGuyanaYes
48%
South AmericaPeruYes
45%
South AmericaVenezuelaYes
45%
OceaniaFijiYes
29%
OceaniaTongaYes
29%
OceaniaMarshall IslandsYes
28%
OceaniaNew ZealandYes
28%
OceaniaTuvaluYes
28%
OceaniaVanuatuYes
28%
OceaniaSolomon IslandsYes
26%
OceaniaNauruYes
25%

Score Distribution

Percentile by Number Answered

Percent of People with Each Score

Your Score History

You have not taken this quiz